|
|
|
|
| LEADER |
00000nab a2200000 a 4500 |
| 001 |
vtls000712855 |
| 003 |
SK-MaSNL |
| 005 |
20260304121449.0 |
| 008 |
250429c xo 0 slo |
| 015 |
|
|
|a SNBRB2000/02-05062
|
| 035 |
|
|
|a CLN000065022
|
| 035 |
|
|
|a (urnnbn)urn:nbn:sk:snk:ar-006qqr
|
| 035 |
|
|
|a (uuid)e5933ea7-1155-44ac-8846-152bf0b139a7
|
| 035 |
|
|
|a urn:nbn:sk:snk-ab88lc
|
| 040 |
|
|
|a SNKBUCL
|b slo
|c SNKBUCL
|e AACR2
|
| 041 |
0 |
|
|a cze
|
| 044 |
|
|
|a xo
|c SK
|
| 080 |
|
|
|a 528-051
|2 1997
|
| 080 |
|
|
|a 929 Vondráček, Jaroslav
|2 1997
|
| 245 |
0 |
0 |
|a Ing. Jaroslav Vondráček ...
|
| 600 |
1 |
7 |
|a Vondráček, Jaroslav
|d 1929-
|2 snkbucl
|9 1426386
|
| 655 |
|
7 |
|a články z novín a časopisov
|2 snkbucl
|9 267496
|
| 773 |
0 |
|
|t Geodetický a kartografický obzor
|g Roč. 45 (87), č. 9 (1999), s. 231
|x 0016-7096
|
| 850 |
|
|
|a Slovenská národná knižnica
|
| 852 |
|
|
|a Slovenská národná knižnica
|
| 954 |
|
|
|a odborná, vedecká literatúra cudzojazyčná (svetová)
|2 lita
|
| 958 |
|
|
|a article9
|
| 958 |
|
|
|a OND
|
| 958 |
|
|
|a BC
|
| 958 |
|
|
|a CZ
|
| 958 |
|
|
|a EUIPO
|
| 992 |
|
|
|a RBX
|
| 999 |
|
|
|c 2885213
|d 2887143
|